<?xml version="1.0" encoding="UTF-8"?>
<record
    xmlns:xsi="http://www.w3.org/2001/XMLSchema-instance"
    xsi:schemaLocation="http://www.loc.gov/MARC21/slim http://www.loc.gov/standards/marcxml/schema/MARC21slim.xsd"
    xmlns="http://www.loc.gov/MARC21/slim">

  <leader>02892nam a2200349   4500</leader>
  <controlfield tag="001">113482</controlfield>
  <controlfield tag="003">DR-UNIBE</controlfield>
  <controlfield tag="005">20250428142942.0</controlfield>
  <controlfield tag="008">250424b2024    dr ||||| |||| 00| 0 spa d</controlfield>
  <datafield tag="020" ind1=" " ind2=" ">
    <subfield code="a">9789945251265</subfield>
  </datafield>
  <datafield tag="040" ind1=" " ind2=" ">
    <subfield code="a">BIBLIOTECA UNIBE</subfield>
    <subfield code="c">BIBLIOTECA UNIBE</subfield>
    <subfield code="b">spa</subfield>
    <subfield code="e">rda</subfield>
  </datafield>
  <datafield tag="041" ind1=" " ind2=" ">
    <subfield code="a">spa</subfield>
  </datafield>
  <datafield tag="082" ind1=" " ind2=" ">
    <subfield code="2">22</subfield>
    <subfield code="a">RD 920.97293 C343c</subfield>
  </datafield>
  <datafield tag="100" ind1="1" ind2="0">
    <subfield code="a">Cassa, Roberto,</subfield>
    <subfield code="d">1948-</subfield>
    <subfield code="q">(Cass&#xE1; Bernaldo de Quir&#xF3;s, Roberto)</subfield>
    <subfield code="c">autor</subfield>
    <subfield code="9">194516</subfield>
  </datafield>
  <datafield tag="245" ind1="1" ind2="4">
    <subfield code="a">Con la palabra de Dios / </subfield>
    <subfield code="c">Roberto Cass&#xE1; ; pr&#xF3;logo: Rafael Emilio Yun&#xE9;n ; cuidado de la edici&#xF3;n: Aimara Vera River&#xF3;n ; diagramaci&#xF3;n:  Juan Francisco Dom&#xED;nguez Novas ; dise&#xF1;o de portada:Yenifer De la Rosa </subfield>
  </datafield>
  <datafield tag="250" ind1=" " ind2=" ">
    <subfield code="a">Primera edici&#xF3;n</subfield>
  </datafield>
  <datafield tag="260" ind1=" " ind2=" ">
    <subfield code="a">Santo Domingo : </subfield>
    <subfield code="b">Archivo General de la Naci&#xF3;n (AGN) : </subfield>
    <subfield code="b">Universidad Aut&#xF3;noma de Santo Domingo Facultad de Humanidades :</subfield>
    <subfield code="b">Grupo MALLEN, </subfield>
    <subfield code="c">2024</subfield>
  </datafield>
  <datafield tag="300" ind1=" " ind2=" ">
    <subfield code="a">597 p&#xE1;ginas :</subfield>
    <subfield code="b">fotos b/n ;</subfield>
    <subfield code="c">25 x 17 cm</subfield>
  </datafield>
  <datafield tag="490" ind1=" " ind2=" ">
    <subfield code="a">Archivo General de la Naci&#xF3;n ; </subfield>
    <subfield code="v">521</subfield>
  </datafield>
  <datafield tag="500" ind1=" " ind2=" ">
    <subfield code="a">Informaci&#xF3;n del autor y comentario de la obra en las solapas. Cubierta: Peregrinos caminando a Palma Sola, fuente: Peri&#xF3;dico El Caribe</subfield>
  </datafield>
  <datafield tag="505" ind1=" " ind2=" ">
    <subfield code="a">Pr&#xF3;logo |
Agradecimientos |
Cap&#xED;tulo I. La tem&#xE1;tica |
Cap&#xED;tulo II. Determinaci&#xF3;n y contextos |
Cap&#xED;tulo III. Mesianismo y milenarismo |
Cap&#xED;tulo IV. Peculiaridades escatol&#xF3;gicas del Liborismo |
Cap&#xED;tulo V. San Juan de la Maguana hasta inicios del Siglo XX |
Cap&#xED;tulo VI. Aparicipon del maestro |
Cap&#xED;tulo VII. Conatos de modernizaci&#xF3;n |
Cap&#xED;tulo VIII. Persecuci&#xF3;n y muerte |
Cap&#xED;tulo IX. Popa y otros profetas resurrectos |
Cap&#xED;tulo X. Manifestaciones similares |
Cap&#xED;tulo XI. San Juan bajo Trujillo y letargo del Liborismo
Cap&#xED;tulo XII. Antecedentes de Palma Sola |
Cap&#xED;tulo XIII. La bella Aurora |
Cap&#xED;tulo XIV. Agenda controversial |
Cap&#xED;tulo XV. Preparaci&#xF3;n del desenlace |
Cap&#xED;tulo XVI. A sangre y fuego |
Cap&#xED;tulo XVII. Recomposici&#xF3;n de n&#xFA;cleos dispersos |
Cap&#xED;tulo XVIII.  Manifestaciones m&#xE1;gico-religiosas diversas |
Cap&#xED;tulo XIX. Profetas finiseculares de la Maguana |
Anexo 1. Cronolog&#xED;a del Liborismo |
Anexo 2. Liboristas detenidos en las Matas de Farf&#xE1;n,  21 de diciembre de 162 |
Anexo 3. Salves y otras composiciones |
Entrevistas |
Bibliograf&#xED;a
</subfield>
  </datafield>
  <datafield tag="600" ind1=" " ind2="7">
    <subfield code="a"> Mateo, Olivorio, </subfield>
    <subfield code="d">1876-1922</subfield>
    <subfield code="9">194512</subfield>
  </datafield>
  <datafield tag="650" ind1=" " ind2="7">
    <subfield code="2">lemb</subfield>
    <subfield code="a"> Lideres religiosos</subfield>
    <subfield code="z"> Rep&#xFA;blica Dominicana</subfield>
    <subfield code="9">194630</subfield>
  </datafield>
  <datafield tag="650" ind1=" " ind2="7">
    <subfield code="2">lemb</subfield>
    <subfield code="a"> Religiosidad popular </subfield>
    <subfield code="z">Rep&#xFA;blica Dominicana</subfield>
    <subfield code="9">27140</subfield>
  </datafield>
  <datafield tag="650" ind1=" " ind2="7">
    <subfield code="2">lemb</subfield>
    <subfield code="a">Ocultismo</subfield>
    <subfield code="z">Rep&#xFA;blica Dominicana</subfield>
    <subfield code="9">194631</subfield>
  </datafield>
  <datafield tag="650" ind1=" " ind2="7">
    <subfield code="2">lemb</subfield>
    <subfield code="a"> Movimientos Sociales </subfield>
    <subfield code="z">Rep&#xFA;blica Dominicana</subfield>
    <subfield code="9">194632</subfield>
  </datafield>
  <datafield tag="700" ind1="1" ind2="0">
    <subfield code="a">Yun&#xE9;n Zouain, Rafael Emilio, </subfield>
    <subfield code="d">1952 -</subfield>
    <subfield code="9">69386</subfield>
    <subfield code="e">prologuista</subfield>
  </datafield>
  <datafield tag="700" ind1="1" ind2="0">
    <subfield code="a">Vera River&#xF3;n, Aimara</subfield>
    <subfield code="9">99221</subfield>
    <subfield code="e">cuidado de la edici&#xF3;n</subfield>
  </datafield>
  <datafield tag="700" ind1="1" ind2="0">
    <subfield code="a">Dom&#xED;nguez Novas, Juan Francisco </subfield>
    <subfield code="9">127336</subfield>
    <subfield code="e">diagramador</subfield>
  </datafield>
  <datafield tag="700" ind1="1" ind2="0">
    <subfield code="a"> De la Rosa, Yenifer</subfield>
    <subfield code="9">84991</subfield>
    <subfield code="e">dise&#xF1;ador de portada</subfield>
  </datafield>
  <datafield tag="942" ind1=" " ind2=" ">
    <subfield code="2">ddc</subfield>
    <subfield code="c">BK</subfield>
  </datafield>
  <datafield tag="999" ind1=" " ind2=" ">
    <subfield code="c">113482</subfield>
    <subfield code="d">113482</subfield>
  </datafield>
  <datafield tag="952" ind1=" " ind2=" ">
    <subfield code="0">0</subfield>
    <subfield code="1">0</subfield>
    <subfield code="2">ddc</subfield>
    <subfield code="7">0</subfield>
    <subfield code="8">GEN-RD</subfield>
    <subfield code="a">Principal</subfield>
    <subfield code="d">2025-04-28</subfield>
    <subfield code="l">1</subfield>
    <subfield code="o">RD 920.97293 C343c</subfield>
    <subfield code="p">250466</subfield>
    <subfield code="r">2025-05-14 10:29:08</subfield>
    <subfield code="s">2025-05-14</subfield>
    <subfield code="t">Ej. 1</subfield>
    <subfield code="w">2025-04-24</subfield>
    <subfield code="y">BK</subfield>
  </datafield>
  <datafield tag="952" ind1=" " ind2=" ">
    <subfield code="0">0</subfield>
    <subfield code="1">0</subfield>
    <subfield code="2">ddc</subfield>
    <subfield code="7">0</subfield>
    <subfield code="8">GEN-RD</subfield>
    <subfield code="a">Principal</subfield>
    <subfield code="d">2025-04-28</subfield>
    <subfield code="l">0</subfield>
    <subfield code="o">RD 920.97293 C343c</subfield>
    <subfield code="p">250467</subfield>
    <subfield code="r">2025-04-24 10:35:01</subfield>
    <subfield code="t">Ej. 2</subfield>
    <subfield code="w">2025-04-24</subfield>
    <subfield code="y">BK</subfield>
  </datafield>
</record>
